| 000 | 00617pam a2200205 a 4500 | ||
|---|---|---|---|
| 020 | _a0070629617 | ||
| 040 | _cDLC | ||
| 082 | 0 | 0 | _a658 MCG 1983 A105 Or. |
| 100 | 1 | _aBlank, Leland T. | |
| 245 | 1 | 0 | _aEngineering economy / |
| 250 | _a2nd ed. | ||
| 260 |
_aNew York : _bMcGraw-Hill, _cc1983. |
||
| 300 |
_axviii, 526 p. : _bill. ; _c25 cm. |
||
| 500 | _aRev. ed. of: Engineering economy--a behavioral approach / Anthony J. Tarquin, Leland T. Blank. 1st ed. 1976. | ||
| 500 | _aIncludes index. | ||
| 650 | 0 | _aEngineering economy. | |
| 700 | 1 | _aTarquin, Anthony J. | |
| 700 | 1 | _aTarquin, Anthony J. | |
| 942 | _cEK | ||
| 999 |
_c16138 _d16138 |
||